00721nam a2200217Ia 4500001000700000008004100007035001500048041000800063084001900071110006000090245015600150260002600306300002300332650001700355650003100372650003100403650002300434650001600457650002100473650000900494002537221003s1986 xx 000 0 spa d aCENDO_3616 aspa aEM-00036-00008 aCCOO.bConfederación SindicalcSecretaría de Empleo 0aConsideraciones de la Secretaría de Empleo de CCOO sobre proyectos de Reales Decretos relativos a la contratación, prestaciones por desempleo, etc. a[S.l. :bs.n.],c1986 a[15] h. ;c 30 cm aCONTRATACION 0aPRESTACIONES POR DESEMPLEO aDESEMPLEO POR LARGO TIEMPO aPOLITICA DE EMPLEO aLEGISLACION 0aACTITUD SINDICAL aCCOO